Support of Circular Economy

Uložené v:
Podrobná bibliografia
Hlavný autor: Vrátny, Štefan
Ďalší autori: Kopkáš, Peter
Médium: Kapitola
Jazyk:English
Tagy: Pridať tag
Žiadne tagy, Buďte prvý, kto otaguje tento záznam!

MARC

LEADER 00000naa$a2200000$$$4500
001 0253439
005 20240502074047.7
041 0 |a eng 
044 |a SK 
245 1 0 |a Support of Circular Economy  |c Štefan Vrátny, Peter Kopkáš 
500 |a Prezentácia 
100 1 |a Vrátny, Štefan 
700 1 |a Kopkáš, Peter